<?xml version="1.0" encoding="UTF-8"?><?xml-stylesheet type="text/xsl" href="static/style.xsl"?><OAI-PMH xmlns="http://www.openarchives.org/OAI/2.0/" xmlns:xsi="http://www.w3.org/2001/XMLSchema-instance" xsi:schemaLocation="http://www.openarchives.org/OAI/2.0/ http://www.openarchives.org/OAI/2.0/OAI-PMH.xsd"><responseDate>2026-06-01T07:58:56Z</responseDate><request verb="GetRecord" identifier="oai:riuma.uma.es:10630/36493" metadataPrefix="marc">https://riuma.uma.es/rest/oai/request</request><GetRecord><record><header><identifier>oai:riuma.uma.es:10630/36493</identifier><datestamp>2026-02-03T11:24:49Z</datestamp><setSpec>com_10630_2254</setSpec><setSpec>col_10630_37953</setSpec></header><metadata><record xmlns="http://www.loc.gov/MARC21/slim" xmlns:dcterms="http://purl.org/dc/terms/" xmlns:doc="http://www.lyncode.com/xoai" xmlns:xsi="http://www.w3.org/2001/XMLSchema-instance" xsi:schemaLocation="http://www.loc.gov/MARC21/slim http://www.loc.gov/standards/marcxml/schema/MARC21slim.xsd">
   <leader>00925njm 22002777a 4500</leader>
   <datafield ind2=" " ind1=" " tag="042">
      <subfield code="a">dc</subfield>
   </datafield>
   <datafield ind2=" " ind1=" " tag="720">
      <subfield code="a">Durán Boyero, Ana Carmen</subfield>
      <subfield code="e">author</subfield>
   </datafield>
   <datafield ind2=" " ind1=" " tag="720">
      <subfield code="a">Arqué Guibernau, Josep María</subfield>
      <subfield code="e">author</subfield>
   </datafield>
   <datafield ind2=" " ind1=" " tag="720">
      <subfield code="a">Fernández Corujo, Borja</subfield>
      <subfield code="e">author</subfield>
   </datafield>
   <datafield ind2=" " ind1=" " tag="720">
      <subfield code="a">Fernández Domínguez, María Carmen</subfield>
      <subfield code="e">author</subfield>
   </datafield>
   <datafield ind2=" " ind1=" " tag="720">
      <subfield code="a">Fernández Gallego, Teresa</subfield>
      <subfield code="e">author</subfield>
   </datafield>
   <datafield ind2=" " ind1=" " tag="720">
      <subfield code="a">Rodriguez, Cristina</subfield>
      <subfield code="e">author</subfield>
   </datafield>
   <datafield ind2=" " ind1=" " tag="720">
      <subfield code="a">Sans Coma, Valentín</subfield>
      <subfield code="e">author</subfield>
   </datafield>
   <datafield ind2=" " ind1=" " tag="260">
      <subfield code="c">2009-08</subfield>
   </datafield>
   <datafield ind2=" " ind1=" " tag="520">
      <subfield code="a">Se ha descrito un desarrollo anómalo congénito de una o más ramas principales de las arterias coronarias en el hombre, pero no en los mamíferos no humanos. En el hombre, esta disposición defectuosa de las arterias coronarias puede causar isquemia miocárdica e incluso muerte súbita. El objetivo principal de este estudio fue describir los patrones de distribución de las arterias coronarias asociados con la presencia de una arteria coronaria notablemente subdesarrollada (rudimentaria) en hámsteres sirios. Además, se intentó explicar la morfogénesis de estos patrones, de acuerdo con el conocimiento actual sobre el desarrollo de las arterias coronarias. Se examinaron once hámsteres afectados pertenecientes a una familia endogámica de laboratorio mediante moldes internos del corazón, de los grandes troncos arteriales y de las arterias coronarias. La válvula aórtica era tricúspide (normal) en siete hámsteres y bicúspide en los otros cuatro. En cuatro especímenes, una arteria coronaria rudimentaria surgió del lado derecho de la válvula aórtica, en otros tres del lado izquierdo de la válvula aórtica y en los cuatro restantes del seno aórtico dorsal. En todos los casos, una segunda arteria coronaria bien desarrollada proporcionó todo el flujo sanguíneo coronario. A excepción de la existencia de una arteria coronaria rudimentaria, los patrones de distribución anómalos actuales de las arterias coronarias son similares a los patrones de la arteria coronaria descritos en hámsteres sirios, perros y humanos en asociación con un ostium coronario solitario en la aorta. Sugerimos que un intervalo de tiempo inusualmente prolongado en el desarrollo de los vasos coronarios embrionarios podría ser un factor clave en la formación de arterias coronarias que muestran grados de desarrollo significativamente diferentes.</subfield>
   </datafield>
   <datafield ind1="8" ind2=" " tag="024">
      <subfield code="a">Durán AC, Arqué JM, Fernández B, Fernández MC, Fernández-Gallego T, Rodríguez C, Sans-Coma V. Rudimentary coronary artery in Syrian hamsters (Mesocricetus auratus). Anat Histol Embryol. 2009 Aug;38(4):270-4. doi: 10.1111/j.1439-0264.2009.00935.x.</subfield>
   </datafield>
   <datafield ind1="8" ind2=" " tag="024">
      <subfield code="a">https://hdl.handle.net/10630/36493</subfield>
   </datafield>
   <datafield ind1="8" ind2=" " tag="024">
      <subfield code="a">10.1111/j.1439-0264.2009.00935.x</subfield>
   </datafield>
   <datafield tag="653" ind2=" " ind1=" ">
      <subfield code="a">Arterias coronarias</subfield>
   </datafield>
   <datafield ind2="0" ind1="0" tag="245">
      <subfield code="a">Rudimentary Coronary Artery in Syrian Hamsters (Mesocricetus auratus)</subfield>
   </datafield>
</record>
</metadata></record></GetRecord></OAI-PMH>